| 000 | 00000nas##2200000za#4500 |
| 001 | 9.512770 |
| 003 | CaOODSP |
| 005 | 20200421174733 |
| 007 | ta |
| 008 | 150406c1994||||xxc|| p #||||f| |0fre|d |
| 022 | |a1198-1326 |
| 040 | |aCaOODSP|bfre |
| 043 | |an-cn--- |
| 086 | 1 |aTU2-4F |
| 110 | 2 |aBureau de la sécurité des transports du Canada. |
| 245 | 10|aRéflexions sur la sécurité ferroviaire |
| 260 | |aOttawa - Ontario : |bBureau de la sécurité des transports du Canada |
| 310 | |aTrimestriel |
| 563 | |aCouverture souple |
| 691 | 07|aSécurité des transports|2gcpds |
| 691 | 07|aTransport ferroviaire|2gcpds |
| 775 | 08|tRail safety reflexions |w(CaOODSP)9.514344 |
| 776 | 0#|tRéflexions sur la sécurité des transports. Rail |w(CaOODSP)9.504016 |